|
|
|
|
| LEADER |
00641 a2200181 4500 |
| 008 |
140811b xxu||||| |||| 00| 0 eng d |
| 020 |
|
|
|a 9788170006992
|
| 082 |
|
|
|a 025.04
|
| 100 |
|
|
|a Mitchell, Erik T.
|
| 245 |
|
|
|a Cloud based services for your library
|c Erik T Mitchell
|
| 260 |
|
|
|c 2013
|b Ess ess Publications
|a New Delhi
|
| 300 |
|
|
|a 161p.
|c 23cm.
|
| 650 |
|
|
|a Cloud computing
|
| 650 |
|
|
|a web services-library applications
|
| 650 |
|
|
|a Internet programming
|
| 942 |
|
|
|2 ddc
|c BK
|
| 999 |
|
|
|c 102400
|d 102400
|
| 952 |
|
|
|0 0
|1 0
|4 0
|6 025_040000000000000_MIT_C
|7 0
|9 102940
|a UL
|b UL
|c ST1
|d 2013-10-18
|e 2
|g 532.50
|l 0
|o 025.04 MIT/C
|p 90788
|r 2014-01-10
|v 750.00
|y BK
|